000
00316nam a2200145Ia 4500
100
_a
Michael Day/ Kenneff
942
_c
BK
654
_a
Trouble
245
_a
Trouble Shooting Netware : 386
260
_b
B.P.B. Pub
_a
New Delhi
_c
1993
082
_a
4.68
_b
PAN
300
_a
401
546
_a
ENGLISH
999
_c
35120
_d
35120